| 000 -NÁVESTIE |
| fixed length control field |
01514cam a2200421 a 4500 |
| 001 - EVIDENČNÉ ČÍSLO ZÁZNAMU - Kontrolné číslo |
| control field |
vtls010103845 |
| 005 - DÁTUM A ČAS POSLEDNEJ TRANSAKCIE |
| control field |
20250926101445.0 |
| 008 - ÚDAJE S PEVNOU DĹŽKOU – VŠEOBECNÉ INFORMÁCIE |
| fixed length control field |
230626s2010 xo o g 000 0dslo |
| 020 ## - MEDZINÁRODNÉ ŠTANDARDNÉ ČÍSLO KNIHY (ISBN) |
| Medzinárodné štandardné číslo knihy (ISBN) |
9788081150210 |
| Qualifying information |
(viaz.) |
| 035 ## - Iný štandardný identifikátor |
| Iný štandardný identifikátor |
0A7B9093-6D91-4C47-9DD3-7D935EFBDFCC |
| 035 ## - Iný štandardný identifikátor |
| Iný štandardný identifikátor |
urn:nbn:sk:snk-amjwva |
| 035 ## - Iný štandardný identifikátor |
| Iný štandardný identifikátor |
urn:nbn:sk:snk-am0085os |
| 040 ## - ZDROJ KATALOGIZÁCIE |
| Pôvodná katalogizujúca agentúra |
PPPK |
| Jazyk katalogizácie |
slo |
| Prepisujúca agentúra |
PPPK |
| Modifikujúca agentúra |
SVKBB |
| -- |
SNK |
| Konvencie popisu |
AACR2 |
| 041 0# - KÓD JAZYKA |
| Kód jazyka textu/zvukovej stopy alebo samostatných nápisov |
slo |
| 044 ## - KÓD KRAJINY VYDAVATEĽA/PRODUCENTA |
| Kód krajiny MARC |
xo |
| Kód krajiny ISO |
SK |
| 072 #7 - KÓD PREDMETOVEJ KATEGÓRIE |
| Kód predmetovej kategórie |
908(437) |
| Pododdiel kódu predmetovej kategórie |
Vlastiveda Česka a Slovenska |
| Zdroj |
konspekt |
| 072 #7 - KÓD PREDMETOVEJ KATEGÓRIE |
| Kód predmetovej kategórie |
94(437) |
| Pododdiel kódu predmetovej kategórie |
Dejiny Česka a Slovenska |
| Zdroj |
konspekt |
| 080 ## - ČÍSLO MEDZINÁRODNÉHO DESATINNÉHO TRIEDENIA (MDT) |
| Číslo Medzinárodného desatinného triedenia (MDT) |
908(437.6) |
| Identifikátor vydania |
2001 |
| 080 ## - ČÍSLO MEDZINÁRODNÉHO DESATINNÉHO TRIEDENIA (MDT) |
| Číslo Medzinárodného desatinného triedenia (MDT) |
94(437.6) |
| Identifikátor vydania |
2001 |
| 080 ## - ČÍSLO MEDZINÁRODNÉHO DESATINNÉHO TRIEDENIA (MDT) |
| Číslo Medzinárodného desatinného triedenia (MDT) |
(031) |
| Identifikátor vydania |
2001 |
| 100 1# - OSOBNÉ MENÁ – VŠEOBECNÉ INFORMÁCIE |
| Osobné meno |
Machala, Drahoslav, |
| Dátumy súvisiace s menom |
1947-2015 |
| Kód roly |
aut |
| -- |
pht |
| -- |
4867 |
| 245 10 - NÁZOV |
| Názov |
Slovenská vlastiveda |
| Číslo časti diela |
III |
| Názov časti diela |
Žilinská župa |
| Údaj o zodpovednosti atď. |
Drahoslav Machala ; [fotografie: Ľubomír Bechný ... [et al.]] |
| 246 30 - INÁ FORMA NÁZVU |
| Hlavný názov/skrátený názov |
Žilinská župa |
| 250 ## - ÚDAJ O PORADÍ VYDANIA |
| Údaj o poradí vydania |
[1. vyd.] |
| 260 ## - VYDAVATEĽSKÉ ÚDAJE, DISTRIBÚCIA ATĎ. |
| Miesto publikovania, distribúcie atď. |
Martin |
| Názov vydavateľa, distibútora atď. |
Vydavateľstvo Matice slovenskej |
| Dátum publikovania, distribúcie atď. |
2010 |
| 300 ## - FYZICKÝ POPIS |
| Rozsah |
408 s. |
| Ďalšie fyzické detaily |
fotogr. |
| Rozmery |
31 cm |
| 500 ## - VŠEOBECNÁ POZNÁMKA |
| Formátovaná poznámka o obsahu |
Biogr. údaje |
| 650 07 - PRIDANÝ VSTUP – PREDMET – TEMATICKÉ HESLO |
| Tematické heslo alebo geografický názov ako vstupný prvok |
vlastiveda |
| Zdroj hesla alebo termínu |
SNKPH |
| -- |
2215 |
| 650 07 - PRIDANÝ VSTUP – PREDMET – TEMATICKÉ HESLO |
| Tematické heslo alebo geografický názov ako vstupný prvok |
History and geography |
| Zdroj hesla alebo termínu |
SNKPHeng |
| -- |
2218 |
| 651 #7 - PRIDANÝ VSTUP – PREDMET – GEOGRAFICKÝ NÁZOV |
| Geografický názov |
Žilinská župa (Slovensko) |
| Zdroj hesla alebo termínu |
SNKPH |
| -- |
4872 |
| 651 #7 - PRIDANÝ VSTUP – PREDMET – GEOGRAFICKÝ NÁZOV |
| Geografický názov |
Žilinská župa (Slovakia) |
| Zdroj hesla alebo termínu |
SNKPHeng |
| -- |
4873 |
| 655 #7 - INDEXAČNÝ TERMÍN – ŽÁNER/FORMA |
| Údaje o žánri/forme alebo termín, ktorý je prvok fazety |
encyklopédie |
| Zdroj termínu |
SNKPH |
| -- |
1494 |
| 655 #7 - INDEXAČNÝ TERMÍN – ŽÁNER/FORMA |
| Údaje o žánri/forme alebo termín, ktorý je prvok fazety |
Encyclopedias |
| Zdroj termínu |
SNKPHeng |
| -- |
1495 |
| 700 1# - PRIDANÝ VSTUP – OSOBNÉ MENO |
| Osobné meno |
Bechný, Ľubomír, |
| Dátumy súvisiace s menom |
1963- |
| Kód roly |
pht |
| -- |
4874 |
| 958 ## - Formálny deskriptor |
| Formálny deskriptor |
NB |